Comentario de textos geográficos: historia y crítica del pensamiento geográfico
Guardado en:
| Autores principales: | , |
|---|---|
| Formato: | Libro |
| Lenguaje: | español |
| Publicado: |
Barcelona
Oikos-Tau
1995
|
| Materias: | |
| Etiquetas: |
Agregar Etiqueta
Sin Etiquetas, Sea el primero en etiquetar este registro!
|
MARC
| LEADER | 00000nam a2200000 a 4500 | ||
|---|---|---|---|
| 001 | UCN9996 | ||
| 003 | CL-VaPUC | ||
| 008 | 020103e19950000SP |||||||||||||||||spa|d | ||
| 082 | 0 | 4 | |a 910.01 |b BOS |2 21 |
| 100 | 0 | |a Bosque Maurel, Joaquín |e author |9 466579 | |
| 700 | 0 | |a Ortega Alba, Francisco |e author |9 466580 | |
| 245 | 1 | 0 | |a Comentario de textos geográficos: historia y crítica del pensamiento geográfico |
| 300 | |a 179 p | ||
| 942 | |c BK | ||
| 945 | |d 20020103 00:00:00 |a cmena | ||
| 260 | |a Barcelona |b Oikos-Tau |c 1995 | ||
| 500 | |a ALGUNOS EJEMPLARES EN INST.DE GEOGRAFIA POR PROY.MINEDUC | ||
| 650 | 0 | |a Filosofía de las ciencias sociales |9 268057 | |
| 650 | 0 | |a Geografía |9 259346 | |
| 650 | 0 | |a Escuelas filosóficas |9 266232 | |
| 650 | 0 | |a Investigación científica |9 259857 | |
| 583 | |a last modification |c 20121001 10:48:47 |k Rodrigo Vera | ||
| 999 | |c 299072 |d 299070 | ||
| 952 | |0 0 |1 0 |4 0 |6 910_010000000000000_BOS_1995 |7 0 |8 A |9 355206 |a BIBING |b BIBING |d 2019-11-21 |i 3785920 |l 1 |m 1 |o 910.01 BOS 1995 |p 3785920 |r 2025-01-20 |s 2022-03-14 |w 2019-11-21 |y BK |k GEO | ||